Textile laboratory manual. V 15. Fibres (Record no. 22566)

MARC details
000 -LEADER
fixed length control field 00295nam a2200121Ia 4500
082 ## - DEWEY DECIMAL CLASSIFICATION NUMBER
Classification number 677
Item number GAR
100 ## - MAIN ENTRY--AUTHOR NAME
Personal name Garner, W
245 #0 - TITLE STATEMENT
Title Textile laboratory manual. V 15. Fibres
260 ## - PUBLICATION, DISTRIBUTION, ETC. (IMPRINT)
Place of publication London
Name of publisher Heywood
Year of publication 1967
650 ## - SUBJECT ADDED ENTRY--TOPICAL TERM
Topical Term Fibres
942 ## - ADDED ENTRY ELEMENTS (KOHA)
Koha item type Books
Holdings
Withdrawn status Lost status Damaged status Not for loan Home library Current library Date acquired Full call number Accession Number Koha item type
        RRII Library RRII Library 16/12/2021 677 GAR 03286 Books